| 000 | 00000nam##2200000za#4500 |
| 001 | 9.697800 |
| 003 | CaOODSP |
| 005 | 20210624235637 |
| 007 | cr ||||||||||| |
| 008 | 150407|2001||||xxc|||||o f|0| 0 eng|d |
| 040 | |aCaOODSP|beng |
| 043 | |an-cn--- |
| 086 | 1 |aSE1-5/1-2000-1E-PDF |
| 110 | 1 |aCanada.|bElections Canada. |bChief Electoral Officer of Canada. |
| 245 | 10|aModernizing the electoral process : |h[electronic resource]|brecommendations from the Chief Electoral Officer of Canada following the 37th general election |
| 260 | |aOttawa - Ontario : |bElections Canada. |c[2001]. |
| 300 | |a181p. |
| 590 | |a13-12-Supp|b2013-05-10 |
| 690 | 07|aElectoral system|2gcpds |
| 690 | 07|aElections|2gcpds |
| 775 | 08|tModerniser le processus électoral : |w(CaOODSP)9.641802 |
| 776 | 0#|tModernizing the electoral process : |w(CaOODSP)9.663099 |
| 776 | 0#|tModerniser le processus électoral : |w(CaOODSP)9.663100 |
| 856 | 40|ahttp://publications.gc.ca|qPDF|s663 KB|uhttps://publications.gc.ca/collections/Collection/SE1-5-1-2000-1E.pdf |